[Event "14. Open de la Constitución 2013"]
[Site "San Sebastian de los Reyes ES"]
[Date "2013.12.01"]
[Round "2.4"]
[White "Sacristan Virseda, Fernando"]
[Black "Adan Bermudez, Sergio"]
[Result "0-1"]
[WhiteElo "1941"]
[BlackElo "2312"]
[PlyCount "58"]
[EventDate "2013.11.30"]
[EventType "swiss"]
[EventRounds "9"]
[EventCountry "ESP"]
[Source "lmi"]
[SourceDate "2013.11.30"]

1. e4 d6 2. Nc3 e5 3. Nf3 Nf6 4. Bc4 Be7 5. O-O O-O 6. d3 Nc6 7. h3 Na5 8. Bb3
Nxb3 9. axb3 c6 10. Be3 a6 11. Na4 Nd7 12. Re1 d5 13. exd5 cxd5 14. d4 e4 15.
Ne5 Nb6 16. c4 Nxa4 17. Rxa4 f6 18. Ng4 f5 19. Nh2 f4 20. Bc1 f3 21. cxd5 fxg2
22. Ng4 Bh4 23. Be3 Rf3 24. d6 Bxg4 25. hxg4 Qd7 26. Kxg2 Qxg4+ 27. Kf1 Raf8
28. Qd2 Qh3+ 29. Ke2 Bxf2 0-1

[Event "14. Open de la Constitución 2013"]
[Site "San Sebastian de los Reyes ES"]
[Date "2013.12.01"]
[Round "2.5"]
[White "Marcos Herrero, Francisco"]
[Black "Castejon Caballero, Andres"]
[Result "1/2-1/2"]
[WhiteElo "1939"]
[BlackElo "2121"]
[PlyCount "116"]
[EventDate "2013.11.30"]
[EventType "swiss"]
[EventRounds "9"]
[EventCountry "ESP"]
[Source "lmi"]
[SourceDate "2013.11.30"]

1. d4 Nf6 2. c4 g6 3. g3 Bg7 4. Bg2 d5 5. Nf3 O-O 6. Nc3 c5 7. cxd5 Nxd5 8. O-O
cxd4 9. Nxd5 Qxd5 10. e3 Nc6 11. Nxd4 Qc5 12. Nxc6 bxc6 13. Qa4 Be6 14. Rb1 Bd5
15. b3 Qc2 16. Ba3 Bf6 17. Bb4 Rfd8 18. Ba5 Rd6 19. Rbc1 Qe2 20. Rfe1 Qh5 21.
e4 Be6 22. Bb4 Rd4 23. Qa5 Qxa5 24. Bxa5 Rc8 25. e5 Bg7 26. Rxc6 Rxc6 27. Bxc6
Bd5 28. Bxd5 Rxd5 29. Bc3 Rc5 30. Bd4 Ra5 31. Re2 e6 32. f4 Bf8 33. Rc2 a6 34.
Kf2 h5 35. Ke3 Kg7 36. a4 Rd5 37. h3 Bb4 38. g4 hxg4 39. hxg4 Kf8 40. Ke4 Ke8
41. Rc7 Rd7 42. Rc6 a5 43. Rc8+ Rd8 44. Rc7 Rd7 45. Ra7 Rxa7 46. Bxa7 Kd7 47.
Be3 Kc6 48. f5 gxf5+ 49. gxf5 Bc3 50. fxe6 fxe6 51. Bd4 Bb4 52. Bb2 Be7 53. Bc3
Bd8 54. Kd4 Bb6+ 55. Kc4 Bd8 56. b4 axb4 57. Bxb4 Bc7 58. Bc3 Bxe5 1/2-1/2

[Event "14. Open de la Constitución 2013"]
[Site "San Sebastian de los Reyes ES"]
[Date "2013.12.01"]
[Round "2.6"]
[White "Cabañas Bravo, Juan Andres"]
[Black "Montiel Miguelez, Manuel"]
[Result "1-0"]
[WhiteElo "2089"]
[BlackElo "1906"]
[PlyCount "57"]
[EventDate "2013.11.30"]
[EventType "swiss"]
[EventRounds "9"]
[EventCountry "ESP"]
[Source "lmi"]
[SourceDate "2013.11.30"]

1. e4 c5 2. Nf3 d6 3. d4 cxd4 4. Nxd4 Nf6 5. Nc3 a6 6. f3 e6 7. Be3 b5 8. Qd2
Qc7 9. g4 Bb7 10. O-O-O Nc6 11. h4 Rc8 12. h5 h6 13. Rg1 Ne5 14. Kb1 d5 15. Bf4
dxe4 16. Qh2 Nfd7 17. Nxe4 Bd5 18. g5 Qa5 19. Bxe5 Qxa2+ 20. Kc1 Qa1+ 21. Kd2
Qxb2 22. Bd3 Bxe4 23. Bxe4 hxg5 24. Rxg5 f6 25. Bg6+ Ke7 26. Nf5+ exf5 27. Bxb2
fxg5 28. Re1+ Kd8 29. Re8# 1-0

[Event "14. Open de la Constitución 2013"]
[Site "San Sebastian de los Reyes ES"]
[Date "2013.12.01"]
[Round "2.7"]
[White "Largo Barbero, Benito"]
[Black "Alvarez Abejon, Amilcar"]
[Result "1/2-1/2"]
[WhiteElo "1920"]
[BlackElo "2081"]
[PlyCount "27"]
[EventDate "2013.11.30"]
[EventType "swiss"]
[EventRounds "9"]
[EventCountry "ESP"]
[Source "lmi"]
[SourceDate "2013.11.30"]

1. Nc3 d5 2. e4 e6 3. a3 Nf6 4. e5 Nfd7 5. f4 c5 6. Nf3 Nc6 7. Ne2 f6 8. d4
cxd4 9. Nexd4 Nxd4 10. Nxd4 Qb6 11. c3 Bc5 12. b4 Bxd4 13. Qxd4 Qxd4 14. cxd4
1/2-1/2

[Event "14. Open de la Constitución 2013"]
[Site "San Sebastian de los Reyes ES"]
[Date "2013.12.01"]
[Round "2.8"]
[White "Bustos Serrano, Doroteo"]
[Black "Martinez Montalvo, Eduardo"]
[Result "1-0"]
[WhiteElo "2055"]
[BlackElo "1846"]
[PlyCount "41"]
[EventDate "2013.11.30"]
[EventType "swiss"]
[EventRounds "9"]
[EventCountry "ESP"]
[Source "lmi"]
[SourceDate "2013.11.30"]

1. e4 d5 2. exd5 Nf6 3. d4 Nxd5 4. a3 Nc6 5. c4 Nb6 6. Be3 Bf5 7. Nf3 e6 8. Qb3
Rb8 9. Nc3 Bg4 10. c5 Nd5 11. Nxd5 exd5 12. Bb5 Bxf3 13. gxf3 Qd7 14. Rg1 a6
15. Ba4 h6 16. Kd2 b5 17. cxb6 cxb6 18. Bxc6 Qxc6 19. Rac1 Qb7 20. Bf4 Rd8 21.
Rc7 1-0

[Event "14. Open de la Constitución 2013"]
[Site "San Sebastian de los Reyes ES"]
[Date "2013.12.01"]
[Round "2.9"]
[White "Alfaya Marcelo, Roberto"]
[Black "Aziz Ortego, Omar Luis"]
[Result "1-0"]
[WhiteElo "1893"]
[BlackElo "2037"]
[PlyCount "105"]
[EventDate "2013.11.30"]
[EventType "swiss"]
[EventRounds "9"]
[EventCountry "ESP"]
[Source "lmi"]
[SourceDate "2013.11.30"]

1. d4 Nf6 2. c4 g6 3. Nc3 Bg7 4. e4 d6 5. Nf3 O-O 6. Be2 e5 7. dxe5 dxe5 8.
Qxd8 Rxd8 9. Bg5 Re8 10. Nd5 Nxd5 11. cxd5 f5 12. Nd2 f4 13. f3 c6 14. Bc4 cxd5
15. Bxd5+ Kf8 16. Nc4 h6 17. Bh4 g5 18. Bf2 Na6 19. Nd6 Re7 20. Rc1 Nc7 21.
Nxc8 Rxc8 22. Bxb7 Rb8 23. Bc6 Ne6 24. b3 Rc7 25. Kd2 Nd4 26. Bd5 Rbc8 27. Rxc7
Rxc7 28. Rc1 Rxc1 29. Kxc1 h5 30. h3 Bf6 31. Kb2 Ke7 32. Be1 Kd7 33. Bb4 Be7
34. Bxe7 Kxe7 35. b4 Ne2 36. Bc4 Ng3 37. Bd3 Nh1 38. Kc3 Nf2 39. Be2 g4 40.
hxg4 hxg4 41. Kc4 Kd6 42. Kb5 g3 43. Ka6 Nh3 44. Kxa7 Ng5 45. b5 Nf7 46. b6 Kc5
47. b7 Nd8 48. b8=Q Nc6+ 49. Kb7 Nxb8 50. Kxb8 Kd4 51. Bb5 Ke3 52. Bd7 Kf2 53.
Bh3 1-0

[Event "14. Open de la Constitución 2013"]
[Site "San Sebastian de los Reyes ES"]
[Date "2013.12.01"]
[Round "2.10"]
[White "Castejon Caballero, Natalia"]
[Black "Garcia Martin, Juan Manuel"]
[Result "1-0"]
[WhiteElo "2011"]
[BlackElo "1797"]
[PlyCount "51"]
[EventDate "2013.11.30"]
[EventType "swiss"]
[EventRounds "9"]
[EventCountry "ESP"]
[Source "lmi"]
[SourceDate "2013.11.30"]

1. e4 d5 2. exd5 Nf6 3. d4 Bg4 4. f3 Bf5 5. Bb5+ Nbd7 6. c4 a6 7. Ba4 b5 8.
cxb5 Bxb1 9. Rxb1 Nxd5 10. bxa6 Rxa6 11. Bb3 e6 12. Qe2 Bb4+ 13. Kf1 Rd6 14.
Nh3 O-O 15. Bg5 Qa8 16. Rc1 Rc6 17. Kf2 Rxc1 18. Rxc1 c5 19. a3 Ba5 20. dxc5
Nxc5 21. Bxd5 Qxd5 22. Kf1 Nb3 23. Rd1 Qb7 24. Nf2 Rc8 25. Ne4 Rc1 26. Bxc1 1-0

[Event "14. Open de la Constitución 2013"]
[Site "San Sebastian de los Reyes ES"]
[Date "2013.12.01"]
[Round "2.11"]
[White "Camarero Izquierdo, Juan Carlos"]
[Black "Gonzalez Mateos, Rafael"]
[Result "0-1"]
[WhiteElo "1845"]
[BlackElo "2010"]
[PlyCount "60"]
[EventDate "2013.11.30"]
[EventType "swiss"]
[EventRounds "9"]
[EventCountry "ESP"]
[Source "lmi"]
[SourceDate "2013.11.30"]

1. e4 e6 2. d4 d5 3. e5 c5 4. c3 Qb6 5. Nf3 Nc6 6. Bd3 Bd7 7. dxc5 Bxc5 8. O-O
a5 9. c4 Nge7 10. Nc3 Nb4 11. Be2 dxc4 12. Bxc4 Rd8 13. Qe2 O-O 14. Ne4 Ng6 15.
Bg5 Be7 16. Bxe7 Nxe7 17. Nfg5 h6 18. Qh5 Nf5 19. g4 hxg5 20. Nf6+ gxf6 21.
exf6 Qd4 22. Qxg5+ Kh7 23. Qh5+ Nh6 24. h3 Rg8 25. Be2 Qxf6 26. a3 Rg5 27. Qxg5
Qxg5 28. axb4 axb4 29. f4 Qc5+ 30. Kh2 Bc6 0-1

[Event "14. Open de la Constitución 2013"]
[Site "San Sebastian de los Reyes ES"]
[Date "2013.12.01"]
[Round "2.12"]
[White "Sebastian Enesco, Alex"]
[Black "Dierssen Garcia-Barredo, Guillermo"]
[Result "0-1"]
[WhiteElo "1775"]
[BlackElo "1974"]
[PlyCount "80"]
[EventDate "2013.11.30"]
[EventType "swiss"]
[EventRounds "9"]
[EventCountry "ESP"]
[Source "lmi"]
[SourceDate "2013.11.30"]

1. e4 e6 2. d4 d5 3. Nc3 Nf6 4. e5 Nfd7 5. f4 c5 6. Be3 Nc6 7. Nf3 cxd4 8. Nxd4
Bc5 9. Nxc6 bxc6 10. Bxc5 Nxc5 11. b4 Nd7 12. Qd4 a5 13. b5 c5 14. Qf2 a4 15.
f5 Qc7 16. fxe6 Qxe5+ 17. Kd2 Qg5+ 18. Qe3 Qxe3+ 19. Kxe3 fxe6 20. Kd2 Bb7 21.
Re1 e5 22. Be2 e4 23. Bg4 Nf6 24. Be2 Kd7 25. g4 d4 26. Rhf1 dxc3+ 27. Kxc3
Rhf8 28. Kb2 Nd5 29. Rg1 Rf2 30. Rgf1 Raf8 31. Ka3 Kc7 32. g5 R8f4 33. h4 e3
34. h5 Rxe2 35. g6 hxg6 36. hxg6 Rxe1 37. Rxe1 Nb6 38. c4 Rf3 39. Re2 Be4 40.
Rh2 e2+ 0-1

[Event "14. Open de la Constitución 2013"]
[Site "San Sebastian de los Reyes ES"]
[Date "2013.12.01"]
[Round "2.13"]
[White "Roa Alonso, Santiago"]
[Black "Lianes Garcia, Marcos"]
[Result "1-0"]
[WhiteElo "2401"]
[BlackElo "1790"]
[PlyCount "53"]
[EventDate "2013.11.30"]
[EventType "swiss"]
[EventRounds "9"]
[EventCountry "ESP"]
[Source "lmi"]
[SourceDate "2013.11.30"]

1. d4 d5 2. c4 e6 3. Nc3 Nf6 4. Bg5 Be7 5. e3 O-O 6. Nf3 Nbd7 7. Qc2 c6 8. cxd5
exd5 9. Bd3 h6 10. Bh4 Re8 11. O-O Nf8 12. Rab1 Bd6 13. b4 a6 14. Na4 Bg4 15.
Kh1 Bh5 16. Nc5 Rb8 17. Ne5 Qc7 18. Bf5 g5 19. Bg3 Kg7 20. f4 Bg6 21. fxg5 hxg5
22. Bxg6 Nxg6 23. Rxf6 Rxe5 24. Rxg6+ fxg6 25. dxe5 Bxc5 26. bxc5 Re8 27. Rf1
1-0

[Event "14. Open de la Constitución 2013"]
[Site "San Sebastian de los Reyes ES"]
[Date "2013.12.01"]
[Round "2.14"]
[White "Alvarez Gonzalez, Eduardo"]
[Black "Quevedo Marin, Manuel"]
[Result "0-1"]
[WhiteElo "1805"]
[BlackElo "2167"]
[PlyCount "51"]
[EventDate "2013.11.30"]
[EventType "swiss"]
[EventRounds "9"]
[EventCountry "ESP"]
[Source "lmi"]
[SourceDate "2013.11.30"]

1. d4 Nf6 2. Nf3 g6 3. c4 Bg7 4. Nc3 O-O 5. e4 d6 6. Be2 Na6 7. Be3 e5 8. O-O
Ng4 9. Bg5 Qe8 10. d5 h6 11. Bd2 f5 12. Ne1 Nf6 13. f3 f4 14. Nd3 g5 15. b4 h5
16. Be1 Qg6 17. Bf2 Rf7 18. c5 Bf8 19. Nb5 b6 20. Rc1 g4 21. g3 gxf3 22. Bxf3
Bh3 23. Bg2 Bxg2 24. Kxg2 Qxe4+ 25. Qf3 Qxf3+ 26. Kxf3 0-1

[Event "14. Open de la Constitución 2013"]
[Site "San Sebastian de los Reyes ES"]
[Date "2013.12.01"]
[Round "2.15"]
[White "Lopez De Turiso, Jose Angel"]
[Black "Navarro Rodriguez, Jesus"]
[Result "1-0"]
[WhiteElo "2123"]
[BlackElo "1664"]
[PlyCount "89"]
[EventDate "2013.11.30"]
[EventType "swiss"]
[EventRounds "9"]
[EventCountry "ESP"]
[Source "lmi"]
[SourceDate "2013.11.30"]

1. f4 Nf6 2. Nf3 Nc6 3. g3 d5 4. Bg2 e6 5. d3 b6 6. O-O Bb7 7. e3 g6 8. Qe2 Bg7
9. c3 O-O 10. e4 Re8 11. e5 Nd7 12. d4 a5 13. Qc2 Ne7 14. Be3 c5 15. Nbd2 Rc8
16. Qd1 Nf5 17. Bf2 cxd4 18. cxd4 h5 19. h3 Nh6 20. Rc1 Qe7 21. a3 f6 22. exf6
Bxf6 23. Ne5 Nxe5 24. dxe5 Bg7 25. Bxb6 Ba8 26. Qa4 Nf5 27. Kh2 Qb7 28. Bd4 Qa6
29. Nf3 Bc6 30. Qb3 Bb5 31. Rfe1 Bc4 32. Qb6 Qa8 33. Qa7 Nxd4 34. Qxd4 Qa6 35.
Nd2 Bd3 36. Bf1 Bxf1 37. Nxf1 Bf8 38. Kg2 Qb5 39. Nd2 Bc5 40. Qc3 d4 41. Qb3
Qc6+ 42. Qf3 Qb5 43. Nc4 Be7 44. Qd3 Kf7 45. Nd6+ 1-0

[Event "14. Open de la Constitución 2013"]
[Site "San Sebastian de los Reyes ES"]
[Date "2013.12.01"]
[Round "2.16"]
[White "Cavalle Pulla, Daniel"]
[Black "Mazo Fernandez, Roberto"]
[Result "0-1"]
[WhiteElo "1985"]
[BlackElo "1740"]
[PlyCount "140"]
[EventDate "2013.11.30"]
[EventType "swiss"]
[EventRounds "9"]
[EventCountry "ESP"]
[Source "lmi"]
[SourceDate "2013.11.30"]

1. e4 c5 2. Nc3 d6 3. Bb5+ Bd7 4. Bxd7+ Qxd7 5. d3 Nc6 6. f4 g6 7. Nf3 Bg7 8.
O-O e6 9. Kh1 Nge7 10. Ne2 b5 11. d4 cxd4 12. Nfxd4 Nxd4 13. Nxd4 e5 14. Ne2
Qc6 15. f5 f6 16. Ng3 Rd8 17. Be3 a6 18. Qd2 Rg8 19. Rad1 Rd7 20. h4 Bh8 21.
Rf3 d5 22. fxg6 hxg6 23. exd5 Rxd5 24. Qe2 Rxd1+ 25. Qxd1 e4 26. Rf2 f5 27. Rd2
Be5 28. Bg5 Bxg3 29. Rd8+ Kf7 30. Bxe7 Rxd8 31. Bxd8 e3 32. Bg5 f4 33. b3 Ke6
34. Qg4+ Ke5 35. Bh6 Qd5 36. Bg7+ Kd6 37. Qxg6+ Qe6 38. Bf8+ Kd7 39. Qg7+ Ke8
40. Bb4 e2 41. Qf8+ Kd7 42. Qg7+ Kc6 43. Qc3+ Kb7 44. Qf3+ Kb8 45. Bd6+ Qxd6
46. Qxe2 Kc7 47. h5 Qf6 48. Kg1 Qa1+ 49. Qf1 Bh2+ 50. Kf2 Bg3+ 51. Ke2 Qe5+ 52.
Kd2 Qd4+ 53. Ke2 Qe3+ 54. Kd1 Qd4+ 55. Ke2 Qe5+ 56. Kd2 Qxh5 57. c4 Qe5 58.
cxb5 Qxb5 59. Qg1 Qa5+ 60. Kd3 Kc6 61. Qa7 Qd5+ 62. Ke2 Qe4+ 63. Kd2 Qxg2+ 64.
Kc3 Qf3+ 65. Kc4 Qd5+ 66. Kb4 Be1+ 67. Ka4 Qb5+ 68. Ka3 Bb4+ 69. Kb2 Qe2+ 70.
Kc1 Ba3+ 0-1

[Event "14. Open de la Constitución 2013"]
[Site "San Sebastian de los Reyes ES"]
[Date "2013.12.01"]
[Round "2.17"]
[White "Del Campo Lobo, Joaquin"]
[Black "De La Orden Alcocer, Alejandro"]
[Result "0-1"]
[WhiteElo "1611"]
[BlackElo "1931"]
[PlyCount "52"]
[EventDate "2013.11.30"]
[EventType "swiss"]
[EventRounds "9"]
[EventCountry "ESP"]
[Source "lmi"]
[SourceDate "2013.11.30"]

1. d4 d6 2. Nf3 Nf6 3. e3 g6 4. c4 Bg7 5. g3 c5 6. Qb3 O-O 7. Nc3 Nc6 8. Bd2
Bg4 9. Be2 Bxf3 10. Bxf3 cxd4 11. Nd5 dxe3 12. Nxf6+ Bxf6 13. Qxb7 exd2+ 14.
Kxd2 Nd4 15. Qxa8 Qa5+ 16. Kd3 Rxa8 17. Bxa8 Qf5+ 18. Be4 Qxf2 19. Rhe1 Qxh2
20. Rac1 Qxb2 21. c5 dxc5 22. Rxc5 Qxa2 23. Bd5 Qf2 24. Re3 Qf1+ 25. Kd2 e6 26.
Be4 Nb3+ 0-1

[Event "14. Open de la Constitución 2013"]
[Site "San Sebastian de los Reyes ES"]
[Date "2013.12.01"]
[Round "2.18"]
[White "Sanchez Ortega, Ruben"]
[Black "Minguela Muñoz, Bienvenido"]
[Result "0-1"]
[WhiteElo "1558"]
[BlackElo "1817"]
[PlyCount "37"]
[EventDate "2013.11.30"]
[EventType "swiss"]
[EventRounds "9"]
[EventCountry "ESP"]
[Source "lmi"]
[SourceDate "2013.11.30"]

1. d4 Nf6 2. Bg5 Ne4 3. Bf4 e6 4. f3 Nf6 5. e4 d5 6. e5 Nfd7 7. Bd3 c5 8. c3
Nc6 9. Ne2 Qb6 10. Qb3 Qa5 11. Qa3 Qc7 12. Qa4 c4 13. Bxc4 Nb6 14. Qc2 Nxc4 15.
b3 Nb6 16. O-O Be7 17. a4 Nd7 18. Rc1 Qb6 19. Be3 0-1

[Event "14. Open de la Constitución 2013"]
[Site "San Sebastian de los Reyes ES"]
[Date "2013.12.01"]
[Round "2.19"]
[White "Rodriguez Anton, Jose Miguel"]
[Black "Brasa Olmos, Joaquin"]
[Result "1-0"]
[WhiteElo "1761"]
[BlackElo "1551"]
[PlyCount "85"]
[EventDate "2013.11.30"]
[EventType "swiss"]
[EventRounds "9"]
[EventCountry "ESP"]
[Source "lmi"]
[SourceDate "2013.11.30"]

1. e4 e5 2. f4 d5 3. exd5 e4 4. Nc3 Nf6 5. Bc4 Bc5 6. d4 exd3 7. Qxd3 O-O 8. h3
c6 9. Bd2 b5 10. Bb3 Re8+ 11. Nge2 b4 12. Na4 Ba6 13. Bc4 Bxc4 14. Qxc4 Qe7 15.
Nxc5 Nxd5 16. O-O-O Nb6 17. Qxb4 Na6 18. Nxa6 Qxb4 19. Nxb4 Rxe2 20. Nxc6 f6
21. g4 Kf7 22. Rde1 Rae8 23. Rxe2 Rxe2 24. Re1 Rh2 25. Re7+ Kf8 26. Bb4 Nd5 27.
Re2+ Nxb4 28. Rxh2 Nxc6 29. Re2 Kf7 30. c3 Ne7 31. c4 Ng6 32. f5 Nf4 33. Re3 h5
34. Kd2 hxg4 35. hxg4 g6 36. Rf3 Ng2 37. Rg3 Nf4 38. Ke3 g5 39. Rf3 Ng2+ 40.
Kf2 Nf4 41. Rxf4 gxf4 42. Kf3 Ke7 43. Kxf4 1-0

[Event "14. Open de la Constitución 2013"]
[Site "San Sebastian de los Reyes ES"]
[Date "2013.12.01"]
[Round "2.20"]
[White "Infante Martin, Alonso"]
[Black "Soto Martin, Pablo"]
[Result "0-1"]
[WhiteElo "1498"]
[BlackElo "1779"]
[PlyCount "76"]
[EventDate "2013.11.30"]
[EventType "swiss"]
[EventRounds "9"]
[EventCountry "ESP"]
[Source "lmi"]
[SourceDate "2013.11.30"]

1. d4 Nf6 2. c4 g6 3. f3 Bg7 4. Nc3 O-O 5. e4 d6 6. Be3 e5 7. d5 c6 8. Bd3 cxd5
9. cxd5 Nh5 10. g4 Nf4 11. Bf1 Nd7 12. Qd2 Nc5 13. Bxf4 exf4 14. Nge2 Qh4+ 15.
Kd1 Qf2 16. Rg1 Qxf3 17. Qxf4 Qxf4 18. Nxf4 Bxc3 19. bxc3 Nxe4 20. Kc2 Bd7 21.
a4 Rac8 22. Ne2 Nf6 23. h3 Nxd5 24. Kd2 Rc4 25. Bg2 Be6 26. Kd3 Rfc8 27. Rgc1
b6 28. Bf3 Kg7 29. Bxd5 Bxd5 30. Nd4 a6 31. Rab1 Rxa4 32. Rxb6 Bc4+ 33. Kd2 d5
34. g5 Ra2+ 35. Nc2 Re8 36. Kd1 Re2 37. Rc6 Rh2 38. Rf6 Bb3 0-1

[Event "14. Open de la Constitución 2013"]
[Site "San Sebastian de los Reyes ES"]
[Date "2013.12.01"]
[Round "2.21"]
[White "Sirera Ripoll, Jose Luis"]
[Black "Anton Quevedo, Andrea"]
[Result "1-0"]
[WhiteElo "1753"]
[BlackElo "1504"]
[PlyCount "79"]
[EventDate "2013.11.30"]
[EventType "swiss"]
[EventRounds "9"]
[EventCountry "ESP"]
[Source "lmi"]
[SourceDate "2013.11.30"]

1. e4 c5 2. Nf3 d6 3. d4 cxd4 4. Nxd4 Nf6 5. Nc3 Nc6 6. Be3 Ng4 7. Nxc6 bxc6 8.
Bd2 e5 9. a3 Nf6 10. Bc4 d5 11. exd5 cxd5 12. Bb5+ Bd7 13. Qe2 d4 14. Qxe5+ Qe7
15. Bxd7+ Kxd7 16. Qxe7+ Bxe7 17. Ne2 Bc5 18. O-O Kc6 19. b4 Bb6 20. a4 Rad8
21. a5 Bc7 22. Rfd1 Rhe8 23. Kf1 Be5 24. Rac1 Kb7 25. Bf4 Bxf4 26. Nxf4 Ne4 27.
Rd3 Nc3 28. Re1 Rxe1+ 29. Kxe1 Re8+ 30. Kf1 Re4 31. g3 Kc6 32. f3 Re3 33. Rxe3
dxe3 34. Ne2 Nd5 35. c3 Kb5 36. Ke1 Kc4 37. Kd1 Nxc3+ 38. Nxc3 Kxc3 39. b5 Kb4
40. b6 1-0

[Event "14. Open de la Constitución 2013"]
[Site "San Sebastian de los Reyes ES"]
[Date "2013.12.01"]
[Round "2.22"]
[White "Martin Rodriguez, Jose Luis"]
[Black "Hernandez Ramos, David"]
[Result "0-1"]
[WhiteElo "1443"]
[BlackElo "1753"]
[PlyCount "144"]
[EventDate "2013.11.30"]
[EventType "swiss"]
[EventRounds "9"]
[EventCountry "ESP"]
[Source "lmi"]
[SourceDate "2013.11.30"]

1. e4 e6 2. d4 d5 3. Nc3 Nf6 4. Bg5 Be7 5. e5 Nfd7 6. h4 Bxg5 7. hxg5 Qxg5 8.
Nh3 Qe7 9. Qg4 f6 10. f4 a6 11. Bd3 Nc6 12. O-O-O f5 13. Qg5 Nf8 14. Qxe7+ Nxe7
15. Be2 h6 16. g4 fxg4 17. Bxg4 Bd7 18. Rhg1 O-O-O 19. Be2 g6 20. Bd3 Be8 21.
a3 Bf7 22. b4 b5 23. a4 c6 24. Kb2 Kb7 25. Ra1 Be8 26. axb5 axb5 27. Ra5 Ra8
28. Rga1 Rxa5 29. Rxa5 Nf5 30. Ne2 Nd7 31. c3 Nb6 32. Nf2 Ne3 33. Ra1 Nbc4+ 34.
Bxc4 Nxc4+ 35. Kc2 Rf8 36. Ng4 h5 37. Nf6 Nb6 38. Nc1 Bf7 39. Nb3 Na4 40. Nc5+
Nxc5 41. bxc5 Rh8 42. Kd3 Be8 43. Ke3 Bf7 44. Kf3 Ra8 45. Rxa8 Kxa8 46. Kg3 Kb7
47. Kh4 Ka6 48. Kg5 Ka5 49. Kh6 h4 50. Ng4 h3 51. Kg7 Be8 52. Kf6 Bd7 53. Ke7
Bc8 54. Kd6 Bb7 55. Nh2 Ka4 56. Kxe6 Kb3 57. Kd7 Kxc3 58. e6 b4 59. e7 b3 60.
e8=Q b2 61. Qxg6 Ba6 62. Qg3+ Bd3 63. Qe1+ Kc4 64. Qd1 b1=Q 65. Qxb1 Bxb1 66.
Kxc6 Kxd4 67. Kd6 Bf5 68. c6 Ke4 69. c7 d4 70. Nf1 Kxf4 71. Kd5 d3 72. Kd4 h2
0-1

[Event "14. Open de la Constitución 2013"]
[Site "San Sebastian de los Reyes ES"]
[Date "2013.12.01"]
[Round "2.23"]
[White "Tronch Ilzarbe, Carlos Maria"]
[Black "Hidalgo Prado, David"]
[Result "1-0"]
[WhiteElo "1753"]
[BlackElo "1455"]
[PlyCount "71"]
[EventDate "2013.11.30"]
[EventType "swiss"]
[EventRounds "9"]
[EventCountry "ESP"]
[Source "lmi"]
[SourceDate "2013.11.30"]

1. d4 e6 2. Nf3 Nf6 3. Bf4 b6 4. e3 Bb7 5. Nbd2 Be7 6. Bd3 d6 7. h3 Nbd7 8. Qe2
h6 9. Bh2 d5 10. a4 O-O 11. O-O a6 12. c3 c5 13. Ne5 Nb8 14. f4 c4 15. Bc2 Nc6
16. f5 Bd6 17. Ndf3 Ne7 18. fxe6 fxe6 19. Nh4 Qc7 20. Nef3 Nd7 21. Bxd6 Qxd6
22. e4 e5 23. dxe5 Nxe5 24. Nxe5 Qxe5 25. Nf3 Qc7 26. e5 Nc6 27. Bg6 Ne7 28.
Qc2 Nxg6 29. Qxg6 Qc6 30. Qxc6 Bxc6 31. Nd4 Rxf1+ 32. Rxf1 Bxa4 33. e6 Re8 34.
Rf5 Rf8 35. Rxd5 Re8 36. Rd6 1-0

[Event "14. Open de la Constitución 2013"]
[Site "San Sebastian de los Reyes ES"]
[Date "2013.12.01"]
[Round "2.24"]
[White "Menendez Hernandez, Jose Daniel"]
[Black "Gomez Escurin, Jose Manuel"]
[Result "1-0"]
[WhiteElo "1705"]
[BlackElo "1301"]
[PlyCount "87"]
[EventDate "2013.11.30"]
[EventType "swiss"]
[EventRounds "9"]
[EventCountry "ESP"]
[Source "lmi"]
[SourceDate "2013.11.30"]

1. e4 e5 2. Nf3 Nc6 3. Bc4 Qe7 4. Nc3 d6 5. h3 Nf6 6. d3 a6 7. Bg5 Be6 8. Nd5
Bxd5 9. Bxd5 Qd7 10. Bxf6 gxf6 11. Nh4 O-O-O 12. c3 Kb8 13. b4 Ne7 14. Bc4 d5
15. exd5 Nxd5 16. Qc2 Bxb4 17. Bxd5 Bxc3+ 18. Qxc3 Qxd5 19. O-O Qxd3 20. Rac1
Qxc3 21. Rxc3 Rd2 22. a3 Rhd8 23. Nf5 R8d3 24. Rfc1 Rxc3 25. Rxc3 Rd1+ 26. Kh2
Ra1 27. Nh6 b5 28. Ng4 Kb7 29. Nxf6 c6 30. Nxh7 Kb6 31. Nf6 a5 32. Nd7+ Kc7 33.
Nxe5 Kd6 34. Nxc6 a4 35. Nb4 Rb1 36. Rc6+ Ke5 37. Rc5+ Kd4 38. Rxb5 Rb3 39.
Nc6+ Kc3 40. Ra5 Rxa3 41. h4 Kb3 42. h5 Ra2 43. h6 Re2 44. Nd4+ 1-0

[Event "14. Open de la Constitución 2013"]
[Site "San Sebastian de los Reyes ES"]
[Date "2013.12.01"]
[Round "2.25"]
[White "Reyes Peñas, Sebastian"]
[Black "Martinez Miura, Enrique"]
[Result "0-1"]
[WhiteElo "1372"]
[BlackElo "1693"]
[PlyCount "114"]
[EventDate "2013.11.30"]
[EventType "swiss"]
[EventRounds "9"]
[EventCountry "ESP"]
[Source "lmi"]
[SourceDate "2013.11.30"]

1. e4 e6 2. d4 d5 3. exd5 exd5 4. Nf3 Bd6 5. Bd3 Nf6 6. O-O O-O 7. Bg5 h6 8.
Bh4 Nbd7 9. Nbd2 c5 10. Re1 Re8 11. Rxe8+ Qxe8 12. Qe1 Qf8 13. Bg3 Bxg3 14.
hxg3 a6 15. a4 cxd4 16. Nxd4 Nc5 17. Be2 Bd7 18. a5 Re8 19. b4 Nce4 20. Nxe4
Rxe4 21. c3 Qe8 22. Qd2 Re7 23. Re1 Ne4 24. Qc2 Nd6 25. Kf1 Nb5 26. Nf3 Bg4 27.
Bd3 Bxf3 28. Rxe7 Bxg2+ 29. Kxg2 Qxe7 30. Bxb5 axb5 31. Qd3 Qd7 32. f4 Qc6 33.
Qd4 f5 34. Kf3 Qe6 35. Qe5 Qxe5 36. fxe5 Kf7 37. Kf4 Ke6 38. Kf3 Kxe5 39. Ke3
g5 40. Ke2 d4 41. Kd3 dxc3 42. Kxc3 h5 43. Kd3 h4 44. Ke3 hxg3 45. Kf3 f4 46.
Kg2 Ke4 47. Kg1 Ke3 48. a6 bxa6 49. Kg2 Ke2 50. Kg1 g2 51. Kxg2 f3+ 52. Kh2 f2
53. Kh3 f1=Q+ 54. Kh2 a5 55. Kg3 Qf3+ 56. Kh2 Kf2 57. bxa5 Qg2# 0-1

[Event "14. Open de la Constitución 2013"]
[Site "San Sebastian de los Reyes ES"]
[Date "2013.12.02"]
[Round "3.1"]
[White "Almagro Llamas, Pablo"]
[Black "Cabañas Bravo, Juan Andres"]
[Result "1-0"]
[WhiteElo "2467"]
[BlackElo "2089"]
[PlyCount "97"]
[EventDate "2013.11.30"]
[EventType "swiss"]
[EventRounds "9"]
[EventCountry "ESP"]
[Source "lmi"]
[SourceDate "2013.11.30"]

1. Nf3 Nf6 2. g3 g6 3. Bg2 Bg7 4. O-O O-O 5. c4 d5 6. cxd5 Nxd5 7. Nc3 Na6 8.
a3 c5 9. Qc2 c4 10. Nxd5 Qxd5 11. Ne1 Qc5 12. d3 cxd3 13. Qxd3 Qb6 14. Be3 Qxb2
15. Rb1 Qa2 16. Rxb7 Bxb7 17. Bxb7 Nc7 18. Bxa8 Rxa8 19. Bc5 Bf6 20. Nf3 Qd5
21. Qxd5 Nxd5 22. e4 Nb6 23. e5 Nd7 24. Bd4 Bg7 25. Rc1 f6 26. Rc7 fxe5 27.
Rxa7 Rxa7 28. Bxa7 Bf6 29. a4 Kf7 30. a5 Ke6 31. a6 Kd5 32. Be3 Kc6 33. Nd2 e6
34. Nc4 Bd8 35. Kg2 e4 36. a7 Kb7 37. Nd6+ Ka8 38. Nxe4 Bb6 39. Bxb6 Nxb6 40.
Ng5 Kxa7 41. Nxh7 Nd7 42. Kf3 Kb6 43. Kf4 Kc5 44. Kg5 Kd4 45. Kxg6 e5 46. Nf6
Nc5 47. h4 Nd3 48. h5 Nxf2 49. h6 1-0